[Event "CalChess-ch"]
[Site "Monterey Park"]
[Date "2002.04.06"]
[Round "2"]
[White "Lai, Jaime"]
[Black "Moghadam, Nazee"]
[Result "1-0"]
[WhiteElo "1125"]
[BlackElo "1401"]
[PlyCount "85"]
[EventDate "2002.??.??"]
[EventType "swiss"]
[EventRounds "6"]
[EventCountry "USA"]
[SourceTitle "EXT 2007"]
[Source "ChessBase"]
[SourceDate "2006.11.23"]
[SourceVersion "1"]
[SourceVersionDate "2006.11.23"]
[SourceQuality "1"]

1. e4 e5 2. d4 exd4 3. c3 c6 4. Nf3 d5 5. exd5 Nf6 6. Be2 Be7 7. 0-0 0-0 8. Re1 Nxd5 9. cxd4 Bf5 10. Nc3 Nb4 11. Rf1 Nc2 12. Rb1 Bf6 13. Bd3 Bxd3 14. Qxd3 Nxd4 15. Nxd4 Bxd4 16. Be3 Bf6 17. Rbd1 Na6 18. Qf5 Qc8 19. Qxc8 Rfxc8 20. Rd7 Bxc3 21. bxc3 Rc7 22. Rd4 Nc5 23. Rg4 Ne6 24. Rd1 Kh8 25. h3 b6 26. f4 Rd8 27. Rf1 Rd3 28. Bc1 f5 29. Re1 fxg4 30. Rxe6 Rc8 31. Be3 g3 32. Kf1 Rxc3 33. Re7 Ra3 34. Bd4 Rg8 35. f5 Ra4 36. Be5 Re4 37. Bxg7+ Rxg7 38. Rxe4 Rf7 39. Rf4 Kg7 40. Ke2 Kf6 41. Rf3 Re7+ 42. Kd2 Rg7 43. Kd3 1-0